| 000 | 01019nam0a22002771 4500 | ||
|---|---|---|---|
| 001 | rc\2226799 | ||
| 005 | 20250623032031.0 | ||
| 035 | _a(NLR Aleph) 006543734 | ||
| 090 |
_a6664836 _c6664836 |
||
| 100 | _a20110826d1978 |||y0rusy50 ca | ||
| 101 | 0 | _arus | |
| 102 | _aRU | ||
| 105 | _ay z ||||| | ||
| 200 | 1 | _aФинансовые проблемы повышения эффективности основных фондов предприятий | |
| 210 |
_aМосква _cФинансы _d1978 |
||
| 215 |
_a143 с. _d20 |
||
| 606 |
_aПромышленные предприятия _xОсновные фонды _xИспользование _xЭкономическая эффективность _2psbo |
||
| 686 |
_aУ9(2)301-571.18-07,0 _2rubbk |
||
| 700 | 1 |
_aТальмина _bП.В. _gПолина Васильевна |
|
| 801 | 0 |
_aRU _bNLR _gpsbo |
|
| 801 | 1 |
_aRU _bELAR _2rusmarc |
|
| 852 |
_aNLR _j78-3/10003 |
||
| 899 |
_aRuMoRGB _jБ 78-6/534 |
||
| 899 |
_aRuMoRGB _jБ 78-6/535 |
||
| 942 | _cBOOK | ||
| 980 | _aNB | ||